000 00743nam a22002537a 4500
003 CHAP
005 20220329134850.0
008 971013s1949 r 00010 d
010 _a27143
011 _a28115
035 _a32217
040 _cCHAP
082 _a634.9273
_bE5
100 0 0 _aElchibegoff, Ivan.
_936191
245 _aUnited State international timber trade in the Pacific area
260 _aStanford :
_bUniversity Press,
_c1949
300 _a302 p.
_b: mapas
590 _aBATCH-UPD
_b10
_c20130110
_lUCH01
_h1747
590 _aCONVERSION
_b10
_c20130109
_lUCH01
_h1316
650 1 4 _aMadera
_xMercadeo.
_969612
901 _aBK
942 _cLIBRO
949 _a634.9273 E5
_bBC
_cLIBRO
_d33724000245924
_eLIBRO
_h23610
_i32217
_mD
_si
999 _c27143
_d27143